Które miasto jest większe pw. ludności? - Statystyki

Ogólne statystyki
  • Ten quiz został rozwiązany 248 razy
  • Średni wynik to 5 z 10
Statystyki odpowiedzi
Zagadnienie Odpowiedź % Poprawnych
które z nich jest największe? Warszawa
100%
które z nich jest największe? Wrocław
90%
które z nich jest największe? Łódź
57%
które z nich jest największe? Gdynia
52%
które z nich jest największe? Opole
52%
które z nich jest największe? Chełm
48%
które z nich jest największe? Elbląg
29%
które z nich jest największe? Kielce
19%
które z nich jest największe? Puszczykowo
19%
które z nich jest największe? Wyśmierzyce
14%
Nie znaleziono quizów pasujących do podanych kryteriów
Rozkład punktacji
Procent ludzi z każdym wynikiem
Percentyl według liczby udzielonych odpowiedzi
Twoja historia wyników
Nie rozwiązałeś tego quizu